Answers Contain Oak - Statistics

General Stats
  • This quiz has been taken 32 times
  • The average score is 3 of 13
Answer Stats
Hint Answer % Correct
County Seat of Alameda, California Oakland
95%
Brand of sunglasses Oakley
80%
Vessel for aging beverages Oak Barrel
45%
Toxic woody vine or shrub Poison Oak
25%
"Regal" city in Metro Detroit Royal Oak
25%
Rumored location of Templar treasure Oak Island
10%
Ribbon device for subsequent military honors Oak Leaf Cluster
10%
Realistic hunting camouflage brand Mossy Oak
5%
Bark of this is used to make white stoppers Cork Oak
0%
Hampton University site of first southern reading of Linocoln's Proclamation Emancipation Oak
0%
Evergreen species of oak Live Oak
0%
Dept of Energy Laboratory in Tennesee, "Y12" Oak Ridge Nat'l Lab
0%
Fiber from rope to seal wooden ships Oakum
0%
No matching quizzes found
Score Distribution
Percent of People with Each Score
Percentile by Number Answered
Your Score History
You have not taken this quiz